000 00403nam a22001697a 4500
003 MPLRDC
005 20220104123750.0
008 210129b ||||| |||| 00| 0 eng d
082 _a394 XDY
100 _a薛德清编译
245 _a人体解剖折图
_c
250 _a新一版
260 _a
_b教育图片出版社
_c1956
300 _b
650 _a人体解剖学
942 _cBK
_o394 XDY
999 _c14018
_d14008